College Football Matchups: Washington State - Statistics

General Stats
  • This quiz has been taken 49 times
    11 since last reset
  • The average score is 15 of 16
Answer Stats
Games Opponent Subdivision % Correct
84 California Power 4
100%
14 Colorado Power 4
100%
94 Idaho FCS
100%
34 Montana FCS
100%
101 Oregon Power 4
100%
111 Oregon State Group of 5
100%
73 Stanford Power 4
100%
63 UCLA Power 4
100%
77 USC Power 4
100%
20 Utah Power 4
100%
117 Washington Power 4
100%
47 Arizona Power 4
91%
47 Arizona State Power 4
91%
9 Montana State FCS
82%
14 San Jose State Group of 5
64%
9 Kansas Power 4
45%
No matching quizzes found
Score Distribution
Percent of People with Each Score
Percentile by Number Answered
Your Score History
You have not taken this quiz since the last reset